Comparison of enzyme immunoassay with the haemagglutination-inhibition test for diagnosis of tick-borne encephalitis (TBE) virus infection

Podrobná bibliografia
Hlavní autori: Grešíková, Milota, 1928- (Autor), Sekeyová, Magdaléna (Autor)
Médium: Článok
Jazyk:angličtina

MARC

LEADER 00000nab a2200000uu 4500
001 vtls011432637
003 SK-MaSNL
005 20260303122607.0
008 230213|1994 xo |||||||||||||||||eng|
015 |a SNBRB 
035 |a (urnnbn)urn:nbn:sk:snk:ar-000u56 
035 |a (uuid)79286422-767f-4aa5-ae49-e89bb90aa775 
035 |a urn:nbn:sk:snk-abc8w4 
040 |a SNKBUCL  |b slo  |c SNKBUCL  |e AACR2 
041 0 |a eng 
044 |a xo  |c SK 
100 1 |a Grešíková, Milota,  |d 1928-  |4 aut  |9 213810 
245 1 0 |a Comparison of enzyme immunoassay with the haemagglutination-inhibition test for diagnosis of tick-borne encephalitis (TBE) virus infection  |c Milota Grešíková, Magdaléna Sekeyová 
700 1 |a Sekeyová, Magdaléna  |4 aut  |9 1137387 
773 0 |t Biologia : journal of the Slovak Academy of Sciences  |g Roč. 49, č. 6 (1994), s. 849-850 
954 |a odborná, vedecká literatúra pôvodná (slovenská)  |2 lita 
958 |a OND 
958 |a EUIPO 
958 |a article16 
999 |c 1921639  |d 1923569